Pengisian misi pendidikan / (Record no. 419)
[ view plain ]
| 000 -LEADER | |
|---|---|
| fixed length control field | nam a22 a 4500 |
| 003 - CONTROL NUMBER IDENTIFIER | |
| control field | AKMAL |
| 005 - DATE AND TIME OF LATEST TRANSACTION | |
| control field | 20170503160539.0 |
| 008 - FIXED-LENGTH DATA ELEMENTS--GENERAL INFORMATION | |
| fixed length control field | 170503s1991 my a00 may d |
| 020 ## - INTERNATIONAL STANDARD BOOK NUMBER | |
| International Standard Book Number | 9836217894 (kkt.): |
| Terms of availability | RM30.00 |
| 040 ## - CATALOGING SOURCE | |
| Original cataloging agency | AKMAL |
| 082 04 - DEWEY DECIMAL CLASSIFICATION NUMBER | |
| Classification number | 070.573 MOH |
| Edition number | 21 |
| 090 00 - LOCALLY ASSIGNED LC-TYPE CALL NUMBER (OCLC); LOCAL CALL NUMBER (RLIN) | |
| Classification number (OCLC) (R) ; Classification number, CALL (RLIN) (NR) | 070.573 |
| Local cutter number (OCLC) ; Book number/undivided call number, CALL (RLIN) | MOH |
| 100 0# - MAIN ENTRY--PERSONAL NAME | |
| Personal name | Omar Mohd. Hashim, |
| Titles and words associated with a name | Datuk Haji, |
| Dates associated with a name | 1935- |
| 9 (RLIN) | 974 |
| 245 10 - TITLE STATEMENT | |
| Title | Pengisian misi pendidikan / |
| Statement of responsibility, etc. | Datok Hj. Omar Mohd Hashim ; diperkenalkan oleh Mohd. Tajuddin bin Haji Abdul Rahman |
| 260 ## - PUBLICATION, DISTRIBUTION, ETC. | |
| Place of publication, distribution, etc. | Kuala Lumpur : |
| Name of publisher, distributor, etc. | Dewan Bahasa dan Pustaka, |
| Date of publication, distribution, etc. | 1991 |
| 300 00 - PHYSICAL DESCRIPTION | |
| Extent | xxxvii, 566ms. : |
| Other physical details | il. sbhgn. wrn. ; |
| Dimensions | 22cm |
| 504 ## - BIBLIOGRAPHY, ETC. NOTE | |
| Bibliography, etc. note | Bibliografi: ms. 461-491 |
| 600 00 - SUBJECT ADDED ENTRY--PERSONAL NAME | |
| Personal name | Omar Mohd Hashim, |
| Titles and other words associated with a name | Datuk Haji, |
| Dates associated with a name | 1935- |
| 9 (RLIN) | 975 |
| 650 #0 - SUBJECT ADDED ENTRY--TOPICAL TERM | |
| Topical term or geographic name entry element | Education and state |
| General subdivision | History |
| Geographic subdivision | Malaysia |
| 9 (RLIN) | 976 |
| 650 #0 - SUBJECT ADDED ENTRY--TOPICAL TERM | |
| Topical term or geographic name entry element | Educational planning |
| Geographic subdivision | Malaysia |
| 9 (RLIN) | 977 |
| 650 #0 - SUBJECT ADDED ENTRY--TOPICAL TERM | |
| Topical term or geographic name entry element | Educational change |
| Geographic subdivision | Malaysia |
| 9 (RLIN) | 978 |
| 650 #0 - SUBJECT ADDED ENTRY--TOPICAL TERM | |
| Topical term or geographic name entry element | Educational leadership |
| Geographic subdivision | Malaysia |
| 9 (RLIN) | 979 |
| 700 0# - ADDED ENTRY--PERSONAL NAME | |
| Personal name | Mohd. Tajuddin bin Haji Abdul Rahman |
| 9 (RLIN) | 980 |
| 942 ## - ADDED ENTRY ELEMENTS (KOHA) | |
| Source of classification or shelving scheme | |
| Koha item type | Book |
| 950 ## - LOCAL HOLDINGS (RLIN) | |
| Permanent shelving location, LOC (RLIN) | AKMAL |
| Withdrawn status | Lost status | Source of classification or shelving scheme | Damaged status | Not for loan | Collection code | Home library | Current library | Shelving location | Date acquired | Inventory number | Total Checkouts | Full call number | Barcode | Date last seen | Price effective from | Koha item type |
|---|---|---|---|---|---|---|---|---|---|---|---|---|---|---|---|---|
| NON-FICTION | AKMAL Melaka | AKMAL Melaka | PINJAMAN | 03.05.2017 | 000602 | 070.573 MOH | 201701267 | 03.05.2017 | 03.05.2017 | Book |
